Islam: A Religion with Wings (Record no. 21026)

MARC details
000 -LEADER
fixed length control field 00334nam a22001457a 4500
020 ## - INTERNATIONAL STANDARD BOOK NUMBER
ISBN 81-7231-523-6
082 ## - DEWEY DECIMAL CLASSIFICATION NUMBER
Classification number 297 SID
100 ## - MAIN ENTRY--AUTHOR NAME
Author name Siddiqui, Moid
245 ## - TITLE STATEMENT
Title Islam: A Religion with Wings
260 ## - PUBLICATION, DISTRIBUTION, ETC. (IMPRINT)
Place of publication New Delhi
Name of publisher Islamic Book Service Pvt. Ltd.
Year of publication 2013
300 ## - PHYSICAL DESCRIPTION
Number of Pages 157
650 ## - SUBJECT ADDED ENTRY--TOPICAL TERM
Topical Term Islam
942 ## - ADDED ENTRY ELEMENTS (KOHA)
Koha item type Books
Holdings
Home library Current library Shelving location Date acquired Cost, normal purchase price Full call number Accession Number Koha item type
Henry Martyn Institute Library Henry Martyn Institute Library General stacks 05/24/2018 175.00 297 SID 24750 Books
                   Copyright © 2026 | Henry Martyn Institute | Hyderabad | TS-500052 | INDIA | Implemented by hmi.edu.in
Hit-Count:

Powered by Koha